00791nam a2200181 a 450000100100000000500170001000800410002704000250006810000290009324501630012226000680028530000280035360000340038160000240041570000480043995201050048799900170059200003632320200930075652.0120113s1968 ho a 000 0 spa d aDO-SdBNPbspacBNPHU1 aJirón, Yanuario96247910aApuntamientos biográficos del señor presbítero doctor don José Trinidad Reyes /cYanuario Jirón ; compilación y notas Juan Valladares Rodríguez. aHonduras :bUniversidad Nacional Autónoma de Honduras,c1968. a121 p. :bil. ;c21 cm.14aREYES, JOSÉ TRINIDAD96248014aREYES, PABLO9379531 aValladares Rodríguez, Juan,ecomp.962481 001050718MOaGRbGRcCTd2012-01-13iLF1l0o p36324-10r2020-06-25w2020-06-25y1ZNo se presta c35814d35814